Guess the Taylor Swift Song (no hints) 24 - Statistics

General Stats
  • This quiz has been taken 276 times
  • The average score is 405 of 488
Answer Stats
Answer % Correct
I
100%
a
99%
the
98%
You
98%
you
98%
we
97%
And
96%
and
96%
it
96%
your
95%
do
94%
me
94%
to
94%
in
92%
be
91%
love
91%
my
91%
Where
91%
don't
90%
you're
90%
it's
89%
So
89%
so
89%
what
89%
What
89%
can
88%
on
88%
that
88%
that,
88%
this?
88%
this
88%
'Cause
87%
I'm
86%
know
86%
now
86%
Now
86%
think
86%
(think
86%
was
86%
all
85%
All
85%
if
85%
If
85%
baby,
84%
Baby,
84%
Did
84%
did
84%
for
84%
have
84%
like
84%
they
83%
at
82%
got
82%
look
82%
(look
82%
say
82%
bad
81%
just
81%
mad
81%
you've
81%
take
80%
blood
79%
but
79%
Oh,
79%
done
78%
done)
78%
used
78%
with
78%
about
77%
of
77%
time
77%
could
76%
(hey!)
75%
problems
75%
made
74%
really
74%
solve
74%
deep
73%
good
73%
cut
72%
from
72%
up
72%
sad
70%
times
70%
'em
69%
'em)
69%
thinking
69%
back
67%
trusted
67%
live
66%
show
66%
These
66%
these
66%
sorry
65%
fix
64%
ghosts
64%
(ghosts,
64%
ghosts)
64%
won't
64%
Band
63%
bullet
63%
heal,
63%
holes
63%
ruin
63%
will
63%
couldn't
62%
rusted
62%
aids
61%
things
61%
past
60%
right
60%
through?
60%
way,
60%
runs
59%
we'd
59%
hit
58%
Still
58%
breathe
57%
fine?
57%
weak?
57%
last
56%
knife
55%
wound
55%
scars
54%
come
52%
kind
52%
laughing
51%
cold
50%
catch
49%
Salt
49%
wounds
49%
rub
45%
shining?
43%
Hm,
19%
No matching quizzes found
Score Distribution
Percent of People with Each Score
Percentile by Number Answered
Your Score History
You have not taken this quiz